Ο μύθος του λόγου
Saved in:
| Main Author: | |
|---|---|
| Format: | Book |
| Language: | Greek |
| Published: |
Αθήνα :
Παπαζήσης,
1977
|
| Subjects: | |
| Tags: |
Add Tag
No Tags, Be the first to tag this record!
|
MARC
| LEADER | 00000cam a2200000 i 4500 | ||
|---|---|---|---|
| 001 | 1/68086 | ||
| 008 | 931123s1977 gr | ||| |||| ||gre|| | ||
| 035 | |a ΛΕΣΒΟΣb10002011 |l 10002011 | ||
| 040 | |a GR-MY-UA |b gre |e aacr | ||
| 041 | 0 | |a gre | |
| 082 | 0 | |a 100 | |
| 100 | 1 | |a Βέικος, Θεόφιλος Α., |d 1936-1995. | |
| 245 | 1 | 2 | |a Ο μύθος του λόγου / |c Θ. Α. Βέικος |
| 260 | |a Αθήνα : |b Παπαζήσης, |c 1977 | ||
| 300 | |a 247 σ. | ||
| 650 | 0 | 0 | |a Philosophy. |
| 650 | 0 | 0 | |a Reason. |
| 650 | 0 | 0 | |a Rationalism. |
| 650 | 0 | 0 | |a Logic. |
| 852 | |a INST |b LESVOS |e 19931123 |h 100 ΒΕΙ |p 005100003870 |q 005100003870 |t BK |y 0 | ||
| 852 | |a INST |b RHODES |e 19980526 |h 149.7 ΒΕΙ |p 005400006573 |q 005400006573 |t BK |y 0 | ||
| 901 | |a BIBL-1998-2 | ||
| 909 | |a Λ |b 032240 | ||
| 909 | |a Ρ |b 053222 |c 1998 | ||
| 922 | |a 4ΕΛΗ |b 199801 |c ΚΠΣ/ΔΕ |d EMVASIS | ||